000 00958cam a2200289 i 4500
001 4597652
003 OSt
005 20230622122741.0
008 760426s1976 nju bs 001 0 eng
010 _a 76015592
020 _a0130237965.
_a0130237884
040 _aDLC
_cDLC
_dDLC
043 _an-us---
082 0 0 _a329
_bMUL
100 1 _aMulcahy, Kevin V.
245 1 0 _aAmerica votes :
_bwhat you should know about elections today /
_cKevin V. Mulcahy, Richard S. Katz.
260 _aEnglewood Cliffs, N.J. :
_bPrentice-Hall,
_cc1976.
300 _ax, 118 p. :
_bgraphs ;
_c21 cm.
490 0 _aA Spectrum book ;S-402
504 _aIncludes bibliographical references and index.
650 0 _aElections
_zUnited States.
650 0 _aVoting
_zUnited States.
651 0 _aUnited States
_xPolitics and government
_y1945-1989.
700 1 _aKatz, Richard S.,
_ejoint author.
906 _a7
_bcbc
_corignew
_d1
_eocip
_f19
_gy-gencatlg
942 _2ddc
_cBK
999 _c2344
_d2344